Koncepčný návrh robotizovaného pracoviska pre bezkontaktné zváranie s využitím projekčného softvéru ABB RobotStudio
Saved in:
| Main Author: | |
|---|---|
| Other Authors: | |
| Format: | Manuscript Book |
| Language: | Slovak |
| Published: |
2016
|
| Subjects: | |
| Online Access: | http://is.stuba.sk/zp/portal_zp.pl?podrobnosti=107785 |
| Tags: |
No Tags, Be the first to tag this record!
|
MARC
| LEADER | 00000ntm a22000003a 4500 | ||
|---|---|---|---|
| 001 | stuzp58125 | ||
| 003 | SK-STU | ||
| 005 | 20160719155455.5 | ||
| 007 | ta | ||
| 008 | 150427s2015----xo-----f-mn---000-0-slo-d | ||
| 040 | |a STU |b slo | ||
| 041 | 0 | |a slo | |
| 100 | 1 | |a Gajdoš, Tomáš |u 020020 |4 aut |U SjF Strojnícka fakulta |T SjF Ústav automatizácie, merania a aplikovanej informatiky |X 74731 |U J0020 |Y 802 |7 74731 | |
| 242 | 0 | 1 | |a Draft of robotical cell for contactless welding made in projection software ABB RobotStudio |y eng |
| 245 | 1 | 0 | |a Koncepčný návrh robotizovaného pracoviska pre bezkontaktné zváranie s využitím projekčného softvéru ABB RobotStudio |
| 260 | |c 2016 | ||
| 650 | 4 | |a RobotStudio |2 slo | |
| 650 | 4 | |a simulácia priemyselných robotov |2 slo | |
| 650 | 4 | |a bezkontaktné zváranie |2 slo | |
| 650 | 4 | |a RobotStudio |2 eng | |
| 650 | 4 | |a contactless welding |2 eng | |
| 650 | 4 | |a simulation of industrial robotics |2 eng | |
| 700 | 1 | |a Vachálek, Ján |u 020020 |k Z1 |4 ths |U SjF Strojnícka fakulta |T SjF Ústav automatizácie, merania a aplikovanej informatiky |X 2232 |U J0020 |Y 802 |7 A000002232 | |
| 856 | 4 | |u http://is.stuba.sk/zp/portal_zp.pl?podrobnosti=107785 | |
| 996 | |b 284J044052 |c J* 2332/BP |l JJSK |s A |a 24 |w stuzp58125_0001 | ||
| SQL | |a stuzp58125 |b DBP |c SLO |d Koncepčný návrh robotizovaného pracoviska pre bezkontaktné zváranie s využitím projekčného softvéru ABB RobotStudio |e 74731 |f Gajdoš, Tomáš |g 020020 |h 2232 |i Vachálek, Ján |j 20160614 |k 646 |l 02 |m http://is.stuba.sk/zp/portal_zp.pl?podrobnosti=107785 |n B-AISP |o 5.2.14. automatizácia | ||